| 000 | 00388 a2200169 4500 | ||
|---|---|---|---|
| 001 | 145346 | ||
| 040 | _cLeonardo Da Vinci | ||
| 041 | _aPortuguês | ||
| 082 |
_aI S586m _bS586m |
||
| 100 | _aSILVA, Conceil Corrêa da | ||
| 245 | _aMirradinho | ||
| 260 |
_bEditora do Brasil _c1995 _aSão Paulo |
||
| 300 | _a25 | ||
| 362 | _a19950000 | ||
| 697 | _aLiteratura infantil | ||
| 942 | _cBK | ||
| 999 |
_c145346 _d145346 |
||